[Event "BRA-ch U12 Girls"]
[Site "Rio de Janeiro"]
[Date "2012.05.12"]
[Round "4"]
[White "Moreira, Laura Ellen"]
[Black "Di Simoni, Rafaela Moura"]
[Result "1-0"]
[WhiteElo "1823"]
[BlackElo "1601"]
[PlyCount "55"]
[EventDate "2012.05.11"]
[EventType "swiss"]
[EventRounds "5"]
[EventCountry "BRA"]
[SourceTitle "CBM 148 Extra"]
[Source "ChessBase"]
[SourceDate "2012.06.22"]
[SourceVersion "1"]
[SourceVersionDate "2012.06.22"]
[SourceQuality "1"]

1. e4 c5 2. Nf3 d6 3. d4 cxd4 4. Nxd4 a6 5. Nc3 e5 6. Nf3 Nf6 7. Bg5 Be7 8. Bd3 b6 9. a4 Bb7 10. Rb1 d5 11. Bxf6 Bxf6 12. exd5 Bxd5 13. Nxd5 Qxd5 14. Bb5+ Qxb5 15. axb5 axb5 16. Ra1 Na6 17. Qe2 0-0 18. 0-0 e4 19. Qxb5 exf3 20. Rxa6 fxg2 21. Kxg2 Rac8 22. c3 Rc5 23. Qxb6 Rg5+ 24. Kh1 Bd8 25. Qe3 g6 26. Ra8 Kg7 27. Rxd8 Rxd8 28. Qxg5 1-0

[Event "BRA-ch U12 Girls"]
[Site "Rio de Janeiro"]
[Date "2012.05.11"]
[Round "2"]
[White "Moreira, Laura Ellen"]
[Black "De Melo, Beatriz Cristina Ol"]
[Result "1/2-1/2"]
[WhiteElo "1823"]
[BlackElo "1800"]
[PlyCount "64"]
[EventDate "2012.05.11"]
[EventType "swiss"]
[EventRounds "5"]
[EventCountry "BRA"]
[SourceTitle "CBM 148 Extra"]
[Source "ChessBase"]
[SourceDate "2012.06.22"]
[SourceVersion "1"]
[SourceVersionDate "2012.06.22"]
[SourceQuality "1"]

1. e4 e5 2. Nf3 Nc6 3. Bb5 Nd4 4. Nxd4 exd4 5. c3 Nf6 6. d3 c6 7. Ba4 d5 8. Bg5 Be7 9. 0-0 0-0 10. e5 Nd7 11. Bxe7 Qxe7 12. cxd4 Nb6 13. Bb3 Qg5 14. Qf3 Bg4 15. Qg3 h6 16. h3 Bf5 17. Qxg5 hxg5 18. Rd1 Bg6 19. Nc3 Bh5 20. g4 Bg6 21. Kg2 f6 22. Kg3 f5 23. f4 gxf4+ 24. Kxf4 fxg4+ 25. Kxg4 Kh7 26. Bc2 Kh6 27. Rf1 Bh5+ 28. Kg3 Kg5 29. a4 Rae8 30. a5 Nc8 31. Na4 b6 32. axb6 axb6 1/2-1/2